ბათუმის შოთა რუსთაველის სახელმწიფო უნივერსიტეტის ბიბლიოთეკა

Толковый Экономичческий и финансовый словарь: Французская, Русская, Английская, Немецкая, Испанская терминолгия двух томах =Dictionnaire économique et Finqncier:А-Е. (ბიბ.ჩანაწერი № 37080)

000 -LEADER
fixed length control field 01121nam a2200241Ia 4500
001 - CONTROL NUMBER
control field 3036
003 - CONTROL NUMBER IDENTIFIER
control field GE_BSU
008 - FIXED-LENGTH DATA ELEMENTS--GENERAL INFORMATION
fixed length control field 181216s||||||||xx |||||||||||||| ||und||
020 ## - INTERNATIONAL STANDARD BOOK NUMBER
International Standard Book Number 571330938Х
040 ## - CATALOGING SOURCE
Transcribing agency GE_BSU
080 ## - UNIVERSAL DECIMAL CLASSIFICATION NUMBER
Universal Decimal Classification number 33(038)+336
245 ## - TITLE STATEMENT
Title Толковый Экономичческий и финансовый словарь: Французская, Русская, Английская, Немецкая, Испанская терминолгия двух томах =Dictionnaire économique et Finqncier:А-Е.
245 ## - TITLE STATEMENT
Statement of responsibility, etc. ИВ Бернар и Жан- Клод Колли, Под. общей ред: Л.В. Стпаова, ред. В.Б. Рыбакован
250 ## - EDITION STATEMENT
Edition statement Том !
260 ## - PUBLICATION, DISTRIBUTION, ETC.
Place of publication, distribution, etc. Москва
260 ## - PUBLICATION, DISTRIBUTION, ETC.
Name of publisher, distributor, etc. Международные Отношения
260 ## - PUBLICATION, DISTRIBUTION, ETC.
Date of publication, distribution, etc. 1997
300 ## - PHYSICAL DESCRIPTION
Extent 784 ст. 21 см.
653 ## - INDEX TERM--UNCONTROLLED
Uncontrolled term Толковый Экономичческий и финансовый словарь:
653 ## - INDEX TERM--UNCONTROLLED
Uncontrolled term Французская,Русская, Английская,Немецкая, Испанская
942 ## - ADDED ENTRY ELEMENTS (KOHA)
Koha item type წიგნი
ეგზემპლარები
Withdrawn status Lost status Damaged status Not for loan Date acquired Barcode Date last seen Price effective from Koha item type Public note
        2018-12-17 7989 2018-12-17 2018-12-17 წიგნი დარბაზი